Statistics for Top 10 Norwegian PL appearance makers

Click here to take the quiz!

General Stats

  • This quiz has been taken 14 times
  • The average score is 4 of 10

Answer Stats

AppsAnswer% Correct
235Solskjaer
83%
275Berg
75%
321Riise
67%
260Pedersen
50%
238Hangeland
33%
186Leonhardsen
33%
162Bjornebye
33%
290Lundekvam
25%
181Haaland
25%
184Halle
8%

Score Distribution

Percentile by Number Answered

Percent of People with Each Score

Your Score History

You have not taken this quiz